| 000 | 00409nam a2200109Ia 4500 | ||
|---|---|---|---|
| 008 | 160909s9999 xx 000 0 und d | ||
| 100 | _aCollins, Danielle | ||
| 245 | _aDiverse approaches to developing a nontraditional ensemble in a secondary school | ||
| 260 |
_bCalifornia State University, Long Beach. _c2016 |
||
| 650 | _aMULTIMEDIA ARTS | ||
| 856 | _uhttp://pqdtopen.proquest.com/doc/1786690437.html?FMT=ABS | ||
| 999 |
_c304303 _d304303 |
||